000 00809nam a22001937a 4500
005 20150124123236.0
008 120223t sp||||| |||| 00| 0 spa d
020 _a9788489771482
050 0 4 _aPN1707
_bT43 2007
245 0 3 _aUn teatro sin teatro
_c/ Fundaçâo de Arte Moderna e Contemporânea-Colecçâo Berardo, Museu Colecçao Berardo de Arte Moderna e Contemporânea
260 _aEspaña :
_bMACBA,
_c2007
300 _a355 p. :
_bil. ;
_c27 cm.
500 _aIncluye Lista de Obras
504 _aIncluye índice y glosario
650 7 _2LEMB.
_aLiteratura-historia y crítica
_bTeatro
_xCrítica literaria
710 2 _aFundaçâo de Arte Moderna e Contemporânea-Colecçâo Berardo
_cEspaña
710 2 _aMuseu Colecçao Berardo de Arte Moderna e Contemporânea
_cPortugal
942 _2ddc
_cLIB
999 _c29370
_d29370